00647nam a2200229 a 4500001001300000003000900013005001700022008004100039020001000080082001300090100002700103245001900130260003100149300000900180500003500189650002300224700002700247902000800274942000700282952011300289999001500402nice12345678IN_TiNIC20260116011451.0070727s0000 agra grp 000 0 urd  ac10000a297bANW aAnwaruli, Haq Muhammad aHaqeaq-E-islam aAgra bNo Publisher c0000 a372p aincludes index and biblioraphy aIslam-Meccan Trade1 aAnwaruli, Haq Muhammad bSRS cBK 001040708StackRoom-aHMIbHMId2007-07-27g100.00l0o297 ANWp04704r2007-07-27v100.00w2007-07-27yBK c1796d1796